书目信息 |
| 题名: |
绿色建筑革命
|
|
| 作者: | 约德森 著 ;夏海山 , 钱霖霖 译 | |
| 分册: | ||
| 出版信息: | 北京 中国建筑工业出版社 2014 |
|
| 页数: | xvi, 200页 | |
| 开本: | 26cm | |
| 丛书名: | ||
| 单 册: | ||
| 中图分类: | TU18 | |
| 科图分类: | ||
| 主题词: | 生态建筑--sheng tai jian zhu--研究 | |
| 电子资源: | ||
| ISBN: | 978-7-112-15545-3 | |
| 000 | 01399nam0 2200277 450 | |
| 001 | 2339125099 | |
| 005 | 20231205105216.80 | |
| 010 | @a978-7-112-15545-3@dCNY45.00 | |
| 100 | @a20140124d2014 em y0chiy50 ea | |
| 101 | 1 | @achi@ceng |
| 102 | @aCN@b110000 | |
| 105 | @aa z 000yy | |
| 200 | 1 | @a绿色建筑革命@Alv se jian zhu ge ming@f(美) 杰瑞·约德森著@g夏海山, 钱霖霖译 |
| 210 | @a北京@c中国建筑工业出版社@d2014 | |
| 215 | @axvi, 200页@c图, 肖像@d26cm | |
| 305 | @a由美国Island出版社授权翻译出版 | |
| 312 | @a英文并列题名取自封面 | |
| 330 | @a本书通过对美国绿色建筑的调查和研究, 以大量丰富的证据论述了当前发展绿色住宅建筑的紧迫性和必要性, 全面完整的从绿色建筑的起源、绿色建筑的标准 (结构、材料、设备、能耗、内部设计等) 、绿色建筑的成本、各类主要建筑领域 (商业领域、公共领域、教育领域、住房领域、邻域住区领域、卫生保健领域、办公场所领域、物业管理领域、建筑设计及施工实践领域等) 的变革状况做了详尽的介绍, 对《绿色建筑评估体系》(LEEDTM) 在以上各建筑领域中的运用情况, 绿色建筑的未来发展趋势以及对气候变暖条件下的绿色建筑的意义做了重要阐述, 反映了当前绿色建筑研究的最新水平。 | |
| 510 | 1 | @aGreen building revolution@zeng |
| 606 | 0 | @a生态建筑@Asheng tai jian zhu@x研究 |
| 690 | @aTU18@v5 | |
| 701 | 1 | @a约德森@Ayue de sen@g(Yudelson, Jerry)@4著 |
| 702 | 0 | @a夏海山@Axia hai shan@4译 |
| 702 | 0 | @a钱霖霖@Aqian lin lin@4译 |
| 801 | 0 | @aCN@b湖北三新@c20140228 |
| 905 | @aZUCC@dTU18@e5 | |
| 绿色建筑革命/(美) 杰瑞·约德森著/夏海山, 钱霖霖译.-北京:中国建筑工业出版社,2014 |
| xvi, 200页:图, 肖像;26cm |
| ISBN 978-7-112-15545-3:CNY45.00 |
| 本书通过对美国绿色建筑的调查和研究, 以大量丰富的证据论述了当前发展绿色住宅建筑的紧迫性和必要性, 全面完整的从绿色建筑的起源、绿色建筑的标准 (结构、材料、设备、能耗、内部设计等) 、绿色建筑的成本、各类主要建筑领域 (商业领域、公共领域、教育领域、住房领域、邻域住区领域、卫生保健领域、办公场所领域、物业管理领域、建筑设计及施工实践领域等) 的变革状况做了详尽的介绍, 对《绿色建筑评估体系》(LEEDTM) 在以上各建筑领域中的运用情况, 绿色建筑的未来发展趋势以及对气候变暖条件下的绿色建筑的意义做了重要阐述, 反映了当前绿色建筑研究的最新水平。 |
| ● |
| 相关链接 |
|
|
|
正题名:绿色建筑革命
索取号:TU18/5
 
预约/预借
| 序号 | 登录号 | 条形码 | 馆藏地/架位号 | 状态 | 备注 |
| 1 | 2001355509 | 2001355509 | 617书库/ [索取号:TU18/5] | 在馆 | |
| 2 | 2001355510 | 2001355510 | 617书库/ [索取号:TU18/5] | 在馆 | |
| 3 | 2001355511 | 2001355511 | 617书库/ [索取号:TU18/5] | 在馆 | |
| 4 | 2001355512 | 2001355512 | 617书库/ [索取号:TU18/5] | 在馆 | |
| 5 | 2001355513 | 2001355513 | 617书库/ [索取号:TU18/5] | 在馆 | |
| 6 | 2001355514 | 2001355514 | 617书库/ [索取号:TU18/5] | 在馆 | |
| 7 | 2001355515 | 2001355515 | 617书库/ [索取号:TU18/5] | 在馆 | |
| 8 | 2001355516 | 2001355516 | 617书库/ [索取号:TU18/5] | 在馆 | |
| 9 | 2001355517 | 2001355517 | 617书库/ [索取号:TU18/5] | 在馆 | |
| 10 | 2001355518 | 2001355518 | 617书库/ [索取号:TU18/5] | 在馆 | |
| 11 | 2001355519 | 2001355519 | 617书库/ [索取号:TU18/5] | 在馆 | |
| 12 | 2001355520 | 2001355520 | 617书库/ [索取号:TU18/5] | 在馆 | |
| 13 | 2001355521 | 2001355521 | 617书库/ [索取号:TU18/5] | 在馆 | |
| 14 | 2001355522 | 2001355522 | 617书库/ [索取号:TU18/5] | 在馆 | |
| 15 | 2001355523 | 2001355523 | 617书库/ [索取号:TU18/5] | 在馆 | |
| 16 | 2001355524 | 2001355524 | 617书库/ [索取号:TU18/5] | 在馆 | |
| 17 | 2001355525 | 2001355525 | 617书库/ [索取号:TU18/5] | 在馆 | |
| 18 | 2001355526 | 2001355526 | 617书库/ [索取号:TU18/5] | 在馆 | |
| 19 | 2001355527 | 2001355527 | 617书库/ [索取号:TU18/5] | 在馆 | |
| 20 | 2001355528 | 2001355528 | 617书库/ [索取号:TU18/5] | 在馆 | |
| 21 | 2001355529 | 2001355529 | 617书库/ [索取号:TU18/5] | 在馆 |